| 000 | 00354nam a2200145Ia 4500 | ||
|---|---|---|---|
| 008 | 230524s9999 xx 000 0 und d | ||
| 082 |
_a241.644 _bDUR |
||
| 100 | _aPravin Durai | ||
| 245 | 0 | _aHuman Resource Management | |
| 260 |
_aCHENNAI _bPearson _c2010 |
||
| 300 | _aVIII;608 | ||
| 500 | _aQuantity Number: 5 | ||
| 650 | _aManagement | ||
| 942 | _cBK | ||
| 999 |
_c49319 _d49319 |
||